| 000 | 00447nam a2200181Ia 4500 | ||
|---|---|---|---|
| 001 | 10059 | ||
| 005 | 20260306161804.0 | ||
| 008 | 260306t2014||||xx |||||||||||||| ||spa|| | ||
| 041 | _aESP | ||
| 082 |
_aPE 869.5701 _bC19 |
||
| 100 |
_aCalderón Albarracín, Luis Alberto _eAUT |
||
| 245 | 0 | _aHuellas en la piel del poema | |
| 260 | _c2014 | ||
| 300 |
_a131 páginas : _c21 cm. |
||
| 650 | _aGEN | ||
| 654 | _aCHU | ||
| 942 |
_cLIB _dJUS _fJUS _2ddc _n |
||
| 999 |
_c10059 _d10059 |
||